| 000 | 01321cam a22002895a 4500 | ||
|---|---|---|---|
| 001 | L158144 | ||
| 008 | 140915s2014 xxkad f 001 0 eng d | ||
| 020 | _a9781315766652 | ||
| 035 | _a(Sirsi) u158144 | ||
| 041 | 0 | _aeng | |
| 100 | 1 | _aReed, Richard | |
| 245 | 0 | 0 |
_aProperty development _h[electronic resource] |
| 250 | _a6th ed. | ||
| 260 |
_aLondon _bRoutledge _c2008 |
||
| 300 | _aeBook | ||
| 520 | _aProvides a clear and practical overview of key property development issues faced by property professionals. Topics covered include land acquisition, development appraisal, finance, planning, construction, market research and sales ,information technology and sustainability. Although primarily UK orientated, the emerging markets section acknowledges the globalisation and internationalism of the development sector by highlighting opportunities, barriers and risks. A flowchart demonstrates the process for developing an international stratety. | ||
| 521 | 2 | 0 | _aAdvanced |
| 590 | _aNTK | ||
| 650 | 2 | 4 | _aEBOOK |
| 651 | 4 |
_aUnited Kingdom _y |
|
| 690 |
_aPlanning and development _96259 |
||
| 690 |
_aLand use _96251 |
||
| 690 |
_aSustainability _96271 |
||
| 700 | 1 | _aSimms, Sally | |
| 856 | 4 | 8 |
_uhttps://www.vlebooks.com/ _zView on VLEbooks. Logins for members only from [email protected] |
| 942 | _n0 | ||
| 999 |
_c115169 _d115169 |
||